00477 2200193 4500001002100000005001500021035002000036007000300056008004100059020001800100082001000118084001700128100001100145245004100156250000600197260003200203300003100235990001700266INLIS00000000000005320230223090831 a0010-0223000020ta230223 b 0 ind  a979-8399-00-5 a959.8 a959.8 RUD kb0 aRudini1 aKalimantan Barat /cDrs.Soemargono.K a- aJakarta :bIntermasa,c1992 a391 :bilus. ;c23.5 cme- a00009/R/1995